00363nam a2200121Ia 4500008004100000041000800041100001600049245008100065260003500146300000800181500002500189700002700214250110s9999 xx 000 0 und d aeng aMaha Ankita aMutha Riverfront Development: A Concept To Revitalize River Life & Community bBNCA M Arch Digital Archc2022 a88p aDigital Architecture aGuide Name:Deva Prasad